Teknologi maklumat dan komunikasi : harapan, cabaran dan barakah

Bibliographic Details
Corporate Author: Malaysia . Jawatankuasa Prosiding Seminar Institut Agama Islam Negeri Kedah
Format: Book
Language:Malay
Published: Kedah : Institut Agama Islam Negeri Kedah 2001
Subjects:

MARC

LEADER 00000cam a2200000 7i4500
001 0000011179
005 20241010.0
008 030818 my a may
020 |a 9834066503 
040 |a INS   |b eng   |e rda 
090 0 0 |a HC440   |b .T2355 2001 
245 1 0 |a Teknologi maklumat dan komunikasi :   |b harapan, cabaran dan barakah   |c disusun dan disunting oleh Jawatankuasa Prosiding Seminar Institut Agama Islam Negeri Kedah (INSANIAH) 
264 1 |a Kedah :   |b Institut Agama Islam Negeri Kedah   |c 2001 
300 |a 151 pages :   |b illustrations ;   |c 23 cm. 
336 |a text  |2 rdacontent 
337 |a unmediated  |2 rdamedia 
338 |a volume  |2 rdacarrier 
504 |a Includes bibliographical references 
650 0 |a Information technology telecomunication 
710 2 |a Malaysia .   |b Jawatankuasa Prosiding Seminar Institut Agama Islam Negeri Kedah 
999 |a 0000010793   |b BOOK   |c Open Shelf   |e Default branch